Score 0/13 Timer 02:00
0 Plays Today
Scrambled Word Answer % Correct
TRARAT
99.8%
USMOEMOUSE
90.1%
LEVOVOLE
86.9%
NIEUAG GPIGUINEA PIG
86.9%
REVABEBEAVER
75%
EPCRNUPOIPORCUPINE
69.7%
Common Theme:Rodents
69.1%
IRERSULQSQUIRREL
66.7%
UNIHCKPMCHIPMUNK
59.7%
IGELBRGERBIL
51.4%
TRMOAMMARMOT
45.8%
PAYABRACCAPYBARA
36.7%
THEMARSHAMSTER
28.2%

You're not logged in!

Compare scores with friends on all Sporcle quizzes.
OR
Log In

Sporcle TV

Today on Sporcle TV


Watch our educational content, quiz creation guides, and fun videos on Sporcle TV.

Show Comments

Extras

Top Quizzes Today


Score Distribution

Paid Content

Your Account Isn't Verified!

In order to create a playlist on Sporcle, you need to verify the email address you used during registration. Go to your Sporcle Settings to finish the process.

Report this User

Report this user for behavior that violates our Community Guidelines.

Details: